Stewarts/Stuart #1 - Statistics

General Stats
  • This quiz has been taken 4 times
  • The average score is 12 of 24
Answer Stats
Hint Answer % Correct
Fought against Parliament because he belief in divine right later execution Charles I
100%
Known as the Merry Monarch after being restored after the Commonwealth collapse Charles II
100%
Was assassinated by his uncle in coup and started crisis most Stewart king had with the nobility James I
100%
She was known as the Queen of Scots Mary I
100%
The infamous Black dinner happen and he later died by a exploding cannon at Roxburgh Castle in 1460 James II
75%
He has also been characterized as the "poor man's king" due to his accessibility to the poor and his acting against their oppressors James V
75%
Become king of England after the last Tudor died childless James VI
75%
Was Dutch was co-monarch with his wife William III
75%
Was first Queen of Great Britain by a act Anne
50%
Was killed at the Battle of Sauchieburn, following a rebellion in which his heir was the figurehead of the rebels James III
50%
He was responsible for a major expansion of the Scottish royal navy, which included the founding of two royal dockyards and build the largest ship at the time James IV
50%
Was overthrown by his daughter and son in law James VII
50%
Was the eldest daughter previous monarch and co-monarch with her husband Mary II
50%
Was the first Stewart king of Scotland after Bruces line ended Robert II
50%
His son and heir was in capacity then he died Robert III
50%
Was found guilty of plotting to assassinate the Queen of England Elizabeth I
25%
What was the wars called English Civil War
25%
What the event called that overthrown the above monarch Glorious Revolution
25%
Her death let to this German house became monarchs of Great Britain Hanover
25%
Who was the form parliament army leader named Oliver Cromwell
25%
Following the ratification of the this act merging the kingdoms of England and Scotland, until her death in 1714. Acts of Union 1707
0%
What is this ship name Great Michael
0%
What battle was he killed at Solway Moss
0%
What was the restoration called Stuart Restoration
0%
No matching quizzes found
Score Distribution
Percent of People with Each Score
Percentile by Number Answered
Your Score History
You have not taken this quiz